00619nam a2200169Ia 4500003000900000008004100009040001600050080002000066100002300086245017800109260004700287300001000334650002700344650004100371650001700412650002000429IN-BaIIA211028s9999 xx 000 0 eng d cIIA Library a52-77(063)bFIS aFisher, J. Richard 0aInterference identification and excisionba radio astronomy workshop, Green Bank, West Verginia, 21-22 Sept 1982cJ. Richard Fisher  bNational Radio Astronomy Observatoryc1982 a116p. aAntennas (Electronics) aAstronomy and astrophysics thesaurus aInterference aRadio astronomy